Score 0/20 Timer 01:30
0 Plays Today
Question Answer Wrong Answers
Orlando Bloom LOTR
94.7%
HP
1.9%
Emma Watson HP
94.6%
LOTR
1.9%
Viggo Mortensen LOTR
93.5%
HP
3%
Alan Rickman HP
93.1%
LOTR
3.4%
Elijah Wood LOTR
92.7%
HP
3.6%
Maggie Smith HP
92.3%
LOTR
4.3%
Sean Bean LOTR
91.9%
HP
4.1%
Liv Tyler LOTR
91.9%
HP
4%
Tom Felton HP
90.5%
LOTR
6.3%
Sean Astin LOTR
90%
HP
6.2%
Christopher Lee LOTR
88.6%
HP
7.9%
Andy Serkis LOTR
88.5%
HP
7.8%
Gary Oldman HP
88.5%
LOTR
7.2%
Ralph Fiennes HP
87.8%
LOTR
8.4%
Ian Mckellen LOTR
86.9%
HP
9.5%
Emma Thompson HP
86.5%
LOTR
9.6%
Richard Harris HP
83.8%
LOTR
12.4%
Warwick Davis HP
82.4%
LOTR
14%
Ian Holm LOTR
80.5%
HP
15.6%
David Thewlis HP
76%
LOTR
20.1%
Remove Ads.
Support Sporcle.
Get the best of Sporcle when you Go Orange. This ad-free experience offers more features, more stats, and more fun while also helping to support Sporcle. Thank you for becoming a member.

You're not logged in!

Compare scores with friends on all Sporcle quizzes.
OR
Log In

Show Comments

Extras

Top Quizzes Today


Score Distribution

Your Account Isn't Verified!

In order to create a playlist on Sporcle, you need to verify the email address you used during registration. Go to your Sporcle Settings to finish the process.

Report this User

Report this user for behavior that violates our Community Guidelines.

Details: